Basic automatic control theory (Record no. 12263)

000 -LEADER
fixed length control field 00429nam a22001577a 4500
008 - FIXED-LENGTH DATA ELEMENTS--GENERAL INFORMATION
fixed length control field 210127b ||||| |||| 00| 0 eng d
082 00 - DEWEY DECIMAL CLASSIFICATION NUMBER
Classification number 629.8
Item number M9781
100 ## - MAIN ENTRY--PERSONAL NAME
9 (RLIN) 4439
Personal name Murphy, Gordon J.
245 10 - TITLE STATEMENT
Title Basic automatic control theory
250 ## - EDITION STATEMENT
Edition statement 2nd ed.
260 ## - PUBLICATION, DISTRIBUTION, ETC. (IMPRINT)
Place of publication, distribution, etc New Delhi
Name of publisher, distributor, etc D.Van Nostrand Company
Date of publication, distribution, etc 1966
300 ## - PHYSICAL DESCRIPTION
Extent xiii, 832p.
365 ## - TRADE PRICE
Unit of pricing 22.00
650 #0 - SUBJECT ADDED ENTRY--TOPICAL TERM
Topical term or geographic name as entry element Automatic Control
942 ## - ADDED ENTRY ELEMENTS (KOHA)
Item type Books
Holdings
Withdrawn status Lost status Source of classification or shelving scheme Damaged status Not for loan Permanent location Current location Date acquired Source of acquisition Full call number Barcode Date last seen Koha item type
          IMU Kolkata IMU Kolkata 1971-01-05 Eastern book mart 629.8 M9781 03576 2021-01-27 Books
          IMU Kolkata IMU Kolkata 1971-01-05 Eastern book mart 629.8 M9781 03577 2021-01-27 Books
Designed and Maintained by IMU-KC Library, Kolkata Campus © Copyright All Rights Reserved

webs counters

Powered by Koha